000 00385nam a22001697a 4500
005 20160618123245.0
008 160618b xxu||||| |||| 00| 0 eng d
020 _a81-203-1510-3
041 _aeng
082 _b8120
100 _aWeltman, Barkara
_92204
245 _aThe Complete Idiots Gaide
260 _bPHI
_c1999
300 _a309
650 _aManagement
_9241
942 _cBK
999 _c3087
_d3086